[Event "CZE-ch Betsys Online Blitz"]
[Site "Chess.com INT"]
[Date "2021.04.17"]
[Round "1"]
[White "Jandl, Vojtech"]
[Black "Modrova, Hana"]
[Result "1-0"]
[WhiteElo "2007"]
[BlackElo "1816"]
[PlyCount "141"]
[EventDate "2021.04.17"]
[EventType "swiss (blitz)"]
[EventRounds "13"]
[EventCountry "CZE"]
[SourceTitle "CBM 201 Extra"]
[Source "ChessBase"]
[SourceDate "2021.05.31"]
[SourceVersion "1"]
[SourceVersionDate "2021.05.31"]
[SourceQuality "1"]

1. d4 d6 2. Bf4 Nf6 3. e3 c6 4. Nf3 Bg4 5. Be2 e6 6. c4 Be7 7. Nc3 0-0 8. 0-0 Re8 9. h3 Bh5 10. Rc1 d5 11. Ne5 Bxe2 12. Qxe2 Nbd7 13. Nf3 Ne4 14. Nxe4 dxe4 15. Nd2 f5 16. Rfd1 Bg5 17. Bh2 Qe7 18. a3 a5 19. Nb3 a4 20. Na1 Qf6 21. Nc2 e5 22. dxe5 Nxe5 23. Nb4 f4 24. exf4 Bxf4 25. Qxe4 Bxc1 26. Rxc1 Ng6 27. Qg4 Qxb2 28. Rd1 Qxa3 29. Nd3 Qc3 30. h4 a3 31. h5 a2 32. hxg6 hxg6 33. Be5 Qxe5 34. Nxe5 a1Q 35. Rxa1 Rxa1+ 36. Kh2 Rxe5 37. Qc8+ Kf7 38. Qxb7+ Re7 39. Qxc6 Rae1 40. Qd5+ R1e6 41. c5 g5 42. c6 Rc7 43. Qf5+ Ke7 44. Qxg5+ Kd6 45. Qf4+ Kxc6 46. Qc4+ Kd7 47. Qd4+ Ke7 48. Qxg7+ Kd6 49. Qd4+ Ke7 50. g3 Rh6+ 51. Kg2 Rd7 52. Qe3+ Re6 53. Qg5+ Kd6 54. f4 Re2+ 55. Kf3 Re6 56. Qb5 Rf7 57. g4 Ke7 58. f5 Rd6 59. Qe5+ Kd7 60. g5 Re7 61. Qb5+ Kd8 62. f6 Rf7 63. Qb8+ Kd7 64. Qb5+ Ke6 65. Qe2+ Kd7 66. Qe5 Re6 67. Qd5+ Rd6 68. Qxf7+ Kc6 69. Qe7 Rd7 70. Qe8 Kd6 71. Qxd7+ 1-0

[Event "CZE-ch Betsys Online Blitz"]
[Site "Chess.com INT"]
[Date "2021.04.17"]
[Round "2"]
[White "Michalik, Peter"]
[Black "Jandl, Vojtech"]
[Result "1-0"]
[WhiteElo "2594"]
[BlackElo "2007"]
[PlyCount "49"]
[EventDate "2021.04.17"]
[EventType "swiss (blitz)"]
[EventRounds "13"]
[EventCountry "CZE"]
[SourceTitle "CBM 201 Extra"]
[Source "ChessBase"]
[SourceDate "2021.05.31"]
[SourceVersion "1"]
[SourceVersionDate "2021.05.31"]
[SourceQuality "1"]

1. e4 e5 2. Nf3 Nf6 3. Nxe5 d6 4. Nf3 Nxe4 5. Bd3 Nc5 6. Be2 Be7 7. d4 Ne4 8. 0-0 d5 9. c4 0-0 10. Nc3 Nxc3 11. bxc3 c6 12. Qb3 Qb6 13. Re1 dxc4 14. Bxc4 Qxb3 15. axb3 Bf6 16. Bf4 Bf5 17. h3 Nd7 18. g4 Bg6 19. g5 Bh5 20. Kg2 Bd8 21. Bd6 Bb6 22. Bxf8 Nxf8 23. Ne5 Ng6 24. Bxf7+ Kf8 25. Bxg6 1-0

[Event "CZE-chT2C 1718"]
[Site "Czech Republic"]
[Date "2017.12.17"]
[Round "5.6"]
[White "Rolinek, Dominik"]
[Black "Jandl, Vojtech"]
[Result "1/2-1/2"]
[WhiteElo "1917"]
[BlackElo "2029"]
[PlyCount "88"]
[EventDate "2017.10.15"]
[EventType "team-tourn"]
[EventRounds "11"]
[EventCountry "CZE"]
[SourceTitle "EXT 2022"]
[Source "ChessBase"]
[SourceDate "2021.10.06"]
[SourceVersion "1"]
[SourceVersionDate "2021.10.06"]
[SourceQuality "1"]
[WhiteTeam "Ceske Budejovice"]
[BlackTeam "Tabor"]
[WhiteTeamCountry "CZE"]
[BlackTeamCountry "CZE"]

1. d4 g6 2. c4 Bg7 3. Nc3 d6 4. e4 e5 5. d5 f5 6. Be2 Nf6 7. Bg5 0-0 8. h4 h6 9. Bxf6 Qxf6 10. Qd2 Na6 11. 0-0-0 Nc5 12. f3 a5 13. g4 fxg4 14. fxg4 Qf4 15. Nh3 Qxd2+ 16. Kxd2 Bf6 17. Nf2 Be7 18. Nd3 Nxd3 19. Kxd3 Bd7 20. g5 hxg5 21. hxg5 Kg7 22. Rdg1 Rh8 23. Rxh8 Rxh8 24. Kc2 Rh2 25. Kb3 Bd8 26. Kc2 Bh3 27. Rg3 Bf1 28. Kd3 Bxe2+ 29. Nxe2 Rh5 30. Ke3 Bxg5+ 31. Kf3 Kf6 32. Kg2 Bf4 33. Rh3 Kg5 34. Nc3 Rxh3 35. Kxh3 Bc1 36. Kg3 c6 37. b3 Bd2 38. Nd1 c5 39. Kf3 Kh4 40. Nf2 g5 41. Ng4 Bf4 42. Nf6 Kh3 43. Ng4 Kh4 44. Nh6 Kh3 1/2-1/2

[Event "Banska Stiavnica V4 op"]
[Site "Banska Stiavnica"]
[Date "2017.07.12"]
[Round "5"]
[White "Jandl, Vojtech"]
[Black "Bielik, Jakub"]
[Result "1/2-1/2"]
[WhiteElo "2073"]
[BlackElo "1889"]
[PlyCount "64"]
[EventDate "2017.07.08"]
[EventType "swiss"]
[EventRounds "9"]
[EventCountry "SVK"]
[SourceTitle "CBM 179 Extra"]
[Source "ChessBase"]
[SourceDate "2017.08.23"]
[SourceVersion "1"]
[SourceVersionDate "2017.08.23"]
[SourceQuality "1"]

1. d4 e6 2. Bf4 d5 3. e3 Bd6 4. Bg3 Nf6 5. Nd2 b6 6. Ngf3 Bb7 7. Ne5 Qe7 8. Bd3 Nbd7 9. Qe2 c5 10. c3 0-0 11. 0-0 Ne4 12. Nxe4 dxe4 13. Bb5 Nxe5 14. dxe5 Bc7 15. Qg4 Bd8 16. Rad1 Qg5 17. Qxg5 Bxg5 18. h4 Bd8 19. Rd7 Rb8 20. Rfd1 a6 21. Be2 b5 22. Kh2 Bd5 23. R1xd5 exd5 24. e6 Rc8 25. e7 Re8 26. Rxd8 Rcxd8 27. exd8Q Rxd8 28. Bc7 Rc8 29. Bf4 g6 30. Bg4 f5 31. Bd1 h5 32. Bb3 c4 1/2-1/2

[Event "Litomysl op 18th"]
[Site "Litomysl"]
[Date "2016.12.27"]
[Round "2"]
[White "Cerveny, Martin"]
[Black "Jandl, Vojtech"]
[Result "1-0"]
[WhiteElo "2395"]
[BlackElo "2092"]
[PlyCount "63"]
[EventDate "2016.12.26"]
[EventType "swiss"]
[EventRounds "9"]
[EventCountry "CZE"]
[SourceTitle "CBM 176 Extra"]
[Source "ChessBase"]
[SourceDate "2017.03.02"]
[SourceVersion "1"]
[SourceVersionDate "2017.03.02"]
[SourceQuality "1"]

1. d4 g6 2. e4 Bg7 3. Bc4 d6 4. Nc3 Nc6 5. Nf3 Nf6 6. Qe2 e5 7. dxe5 Nxe5 8. Nxe5 dxe5 9. Bg5 c6 10. Rd1 Qe7 11. 0-0 Bg4 12. f3 Be6 13. Nd5 cxd5 14. exd5 Rc8 15. Bb3 Bd7 16. d6 Qd8 17. Qxe5+ Kf8 18. Rfe1 h6 19. Bh4 g5 20. Bf2 a5 21. a4 Kg8 22. Bd4 Nh5 23. Qd5 Bxd4+ 24. Rxd4 Qf6 25. c3 Kg7 26. Re7 Rhf8 27. Rxd7 Nf4 28. Qb5 Rce8 29. Re4 Rxe4 30. fxe4 Ne6 31. Re7 Nd8 32. Qe5 1-0

[Event "CZE-chT2C 1617"]
[Site "Czech Republic"]
[Date "2016.12.11"]
[Round "5.6"]
[White "Vodicka, Vlastimil"]
[Black "Jandl, Vojtech"]
[Result "0-1"]
[WhiteElo "2088"]
[BlackElo "2073"]
[PlyCount "52"]
[EventDate "2016.10.09"]
[EventType "team-tourn"]
[EventRounds "11"]
[EventCountry "CZE"]
[SourceTitle "EXT 2022"]
[Source "ChessBase"]
[SourceDate "2021.10.06"]
[SourceVersion "1"]
[SourceVersionDate "2021.10.06"]
[SourceQuality "1"]
[WhiteTeam "Vysehrad II"]
[BlackTeam "Tabor"]
[WhiteTeamCountry "CZE"]
[BlackTeamCountry "CZE"]

1. Nf3 g6 2. d4 Bg7 3. c4 d6 4. Nc3 Nc6 5. g3 e5 6. d5 Nce7 7. Bg2 h6 8. 0-0 f5 9. e4 Nf6 10. Ne1 0-0 11. Nd3 c6 12. dxc6 bxc6 13. c5 Nxe4 14. Nxe4 fxe4 15. cxd6 Qxd6 16. Bxe4 Bf5 17. Qe2 Rad8 18. Rd1 c5 19. Bxf5 Nxf5 20. Be3 Nxe3 21. Qxe3 c4 22. Nc5 Qb6 23. b4 Rd4 24. Nd7 Rxd1+ 25. Rxd1 Qxe3 26. fxe3 Rd8 0-1

[Event "CZE-chT2C 1617"]
[Site "Czech Republic"]
[Date "2016.10.30"]
[Round "2.5"]
[White "Dolansky, Lukas"]
[Black "Jandl, Vojtech"]
[Result "1/2-1/2"]
[WhiteElo "2063"]
[BlackElo "2073"]
[PlyCount "96"]
[EventDate "2016.10.09"]
[EventType "team-tourn"]
[EventRounds "11"]
[EventCountry "CZE"]
[SourceTitle "EXT 2022"]
[Source "ChessBase"]
[SourceDate "2021.10.06"]
[SourceVersion "1"]
[SourceVersionDate "2021.10.06"]
[SourceQuality "1"]
[WhiteTeam "Prachatice"]
[BlackTeam "Tabor"]
[WhiteTeamCountry "CZE"]
[BlackTeamCountry "CZE"]

1. e4 g6 2. d4 Bg7 3. c3 d6 4. Nf3 Nd7 5. Bc4 e6 6. 0-0 Ne7 7. Be3 0-0 8. Qc1 Nf6 9. Nbd2 b6 10. h3 Bb7 11. Bd3 Nd7 12. Re1 h6 13. Nf1 Kh7 14. N1h2 e5 15. Ng4 Ng8 16. Qc2 Ngf6 17. Nxf6+ Qxf6 18. Rad1 Qe7 19. Nd2 Rfe8 20. Re2 Qf8 21. dxe5 dxe5 22. b4 a5 23. Qb3 Nf6 24. f3 Bc8 25. Bc4 Re7 26. a4 Bd7 27. b5 Be6 28. Bxe6 Rxe6 29. Nc4 Rd8 30. Red2 Rxd2 31. Rxd2 Ne8 32. Qd1 Bf6 33. Rd5 Be7 34. Nxe5 Bd6 35. Nc4 Nf6 36. Rd3 Bc5 37. Qc1 Qe7 38. Bf2 Nh5 39. Rd5 Bxf2+ 40. Kxf2 Qh4+ 41. Kg1 Nf4 42. Rd2 Qg5 43. Kh1 Ne2 44. Qe1 Ng3+ 45. Kh2 Nh5 46. Qf2 c6 47. Qxb6 cxb5 48. Qxb5 Qg3+ 1/2-1/2

[Event "CZE-chT2C 1617"]
[Site "Czech Republic"]
[Date "2016.10.09"]
[Round "1.5"]
[White "Jandl, Vojtech"]
[Black "Skalicky, Tomas"]
[Result "1-0"]
[WhiteElo "2073"]
[BlackElo "2162"]
[PlyCount "101"]
[EventDate "2016.10.09"]
[EventType "team-tourn"]
[EventRounds "11"]
[EventCountry "CZE"]
[SourceTitle "EXT 2022"]
[Source "ChessBase"]
[SourceDate "2021.10.06"]
[SourceVersion "1"]
[SourceVersionDate "2021.10.06"]
[SourceQuality "1"]
[WhiteTeam "Tabor"]
[BlackTeam "Ricany"]
[WhiteTeamCountry "CZE"]
[BlackTeamCountry "CZE"]

1. d4 Nf6 2. Bf4 g6 3. e3 Bg7 4. Nf3 d6 5. Be2 0-0 6. 0-0 Nbd7 7. h3 c5 8. c3 b6 9. a4 a6 10. Nbd2 Bb7 11. Qb1 e5 12. Bh2 e4 13. Ne1 d5 14. b4 cxd4 15. cxd4 Qe7 16. Nc2 Ne8 17. Nb3 f5 18. a5 b5 19. Nc5 Bc6 20. Qb3 Nd6 21. Rac1 Nc4 22. Na3 Nd2 23. Qa2 Nxf1 24. Bxf1 Nf6 25. Nc2 Rfc8 26. Na1 Be8 27. Nab3 Bf7 28. Qd2 Ne8 29. Rc3 Nd6 30. Bxd6 Qxd6 31. Rc1 g5 32. Nb7 Qe7 33. N7c5 Bh5 34. Nxa6 Rxc1 35. Qxc1 Be8 36. Qc7 Ra7 37. Qxe7 Rxe7 38. Nac5 f4 39. Be2 Bc6 40. a6 Ra7 41. Na5 Be8 42. Bg4 Bf8 43. Nab3 fxe3 44. fxe3 Bxc5 45. Nxc5 Bc6 46. Bc8 Rc7 47. Bb7 Kf7 48. a7 Bxb7 49. Nxb7 Rc1+ 50. Kh2 Ra1 51. Na5 1-0

[Event "Tatry op"]
[Site "Tatranske Zruby"]
[Date "2016.10.01"]
[Round "9"]
[White "Jandl, Vojtech"]
[Black "Kubicka, Anna"]
[Result "0-1"]
[WhiteElo "2078"]
[BlackElo "2239"]
[PlyCount "50"]
[EventDate "2016.09.24"]
[EventType "swiss"]
[EventRounds "9"]
[EventCountry "SVK"]
[SourceTitle "CBM 174 Extra"]
[Source "ChessBase"]
[SourceDate "2016.10.10"]
[SourceVersion "1"]
[SourceVersionDate "2016.10.10"]
[SourceQuality "1"]

1. d4 Nf6 2. Bf4 d6 3. e3 g6 4. Be2 Bg7 5. Nf3 Nbd7 6. h3 a6 7. a4 a5 8. c3 c6 9. Qc2 Nd5 10. Bh2 0-0 11. Nbd2 Kh8 12. g4 e5 13. 0-0-0 Qe7 14. g5 b5 15. axb5 cxb5 16. Bxb5 Nc7 17. Bc4 a4 18. h4 a3 19. b4 exd4 20. exd4 Nb6 21. h5 Nxc4 22. Nxc4 Bf5 23. Qd2 Qe4 24. Qa2 Qxf3 25. Ne3 Nb5 0-1

[Event "Tatry op"]
[Site "Tatranske Zruby"]
[Date "2016.09.24"]
[Round "1"]
[White "Jandl, Vojtech"]
[Black "Petran, Peter"]
[Result "0-1"]
[WhiteElo "2078"]
[BlackElo "2306"]
[PlyCount "48"]
[EventDate "2016.09.24"]
[EventType "swiss"]
[EventRounds "9"]
[EventCountry "SVK"]
[SourceTitle "CBM 174 Extra"]
[Source "ChessBase"]
[SourceDate "2016.10.10"]
[SourceVersion "1"]
[SourceVersionDate "2016.10.10"]
[SourceQuality "1"]

1. d4 g6 2. Bf4 Bg7 3. e3 d6 4. Nf3 Nd7 5. Bc4 e6 6. c3 Ngf6 7. Nbd2 Qe7 8. e4 e5 9. dxe5 dxe5 10. Bg5 0-0 11. 0-0 h6 12. Bxf6 Nxf6 13. Qc2 Nh5 14. Rfd1 Nf4 15. Ne1 Rd8 16. Nf1 Bd7 17. Ne3 c6 18. a4 a5 19. Nd3 Ne6 20. b4 axb4 21. Bxe6 Bxe6 22. cxb4 Rd4 23. Qc5 Qg5 24. Qb6 Rad8 0-1

[Event "Banska Stiavnica V4 op"]
[Site "Banska Stiavnica"]
[Date "2016.07.10"]
[Round "9"]
[White "Jandl, Vojtech"]
[Black "Macko, Miroslav"]
[Result "1/2-1/2"]
[WhiteElo "1982"]
[BlackElo "2186"]
[PlyCount "92"]
[EventDate "2016.07.02"]
[EventType "swiss"]
[EventRounds "9"]
[EventCountry "SVK"]
[SourceTitle "CBM 173 Extra"]
[Source "ChessBase"]
[SourceDate "2016.08.29"]
[SourceVersion "1"]
[SourceVersionDate "2016.08.29"]
[SourceQuality "1"]

1. d4 Nf6 2. Nf3 c5 3. e3 e6 4. Bd3 Be7 5. Nbd2 0-0 6. 0-0 b6 7. b3 cxd4 8. exd4 Ba6 9. c4 d5 10. Bb2 Nc6 11. Rc1 Rc8 12. Re1 dxc4 13. bxc4 Qd7 14. Ne5 Nxe5 15. dxe5 Qxd3 16. exf6 Bb4 17. fxg7 Rfd8 18. Ne4 Qxd1 19. Rexd1 Be7 20. Rxd8+ Rxd8 21. Nf6+ Kxg7 22. Nd5+ Kf8 23. Nxe7 Kxe7 24. Ba3+ Ke8 25. c5 Rd2 26. cxb6 axb6 27. Ra1 Bc4 28. Bb4 Rxa2 29. Rxa2 Bxa2 30. Kf1 Kd7 31. Ke2 Kc6 32. Kd3 Kd5 33. g4 Bb1+ 34. Kd2 Kc4 35. Be7 b5 36. h4 Be4 37. f4 b4 38. Bf6 Bf3 39. g5 Bg4 40. Be5 b3 41. Bf6 Kd5 42. Kc3 Ke4 43. Be5 Bd1 44. h5 Kf5 45. h6 Bc2 46. Kd2 Ke4 1/2-1/2

[Event "CZE-chT2C 1516"]
[Site "Czech Republic"]
[Date "2016.02.07"]
[Round "7.8"]
[White "Cermak, Michal1111"]
[Black "Jandl, Vojtech"]
[Result "1/2-1/2"]
[WhiteElo "2120"]
[BlackElo "1982"]
[PlyCount "96"]
[EventDate "2015.10.18"]
[EventType "team-tourn"]
[EventRounds "11"]
[EventCountry "CZE"]
[SourceTitle "EXT 2022"]
[Source "ChessBase"]
[SourceDate "2021.10.06"]
[SourceVersion "1"]
[SourceVersionDate "2021.10.06"]
[SourceQuality "1"]
[WhiteTeam "Lysa nad Labem III"]
[BlackTeam "Tabor"]
[WhiteTeamCountry "CZE"]
[BlackTeamCountry "CZE"]

1. d4 d5 2. c4 e6 3. Nc3 Nf6 4. cxd5 exd5 5. Bg5 Be7 6. e3 c6 7. Bd3 0-0 8. Qc2 Nbd7 9. Nf3 Re8 10. 0-0-0 Nf8 11. Ne5 N6d7 12. h4 f6 13. Nxd7 Qxd7 14. Bf4 Bd6 15. f3 Bxf4 16. exf4 Qd6 17. Ne2 b5 18. g4 a5 19. Qd2 b4 20. f5 Ba6 21. Bxa6 Rxa6 22. Nf4 Ra7 23. g5 Rae7 24. Rhg1 Kh8 25. Rg2 a4 26. Nh5 Nd7 27. Rdg1 Rg8 28. Nf4 c5 29. dxc5 Qxc5+ 30. Kb1 d4 31. Qc2 Qb5 32. Qc7 Qxf5+ 33. Ka1 a3 34. gxf6 Qxf6 35. Nd5 Qe5 36. Qxe5 Rxe5 37. Nxb4 axb2+ 38. Kxb2 Rb5 39. a3 Ne5 40. Rg5 h6 41. R5g3 Nc4+ 42. Kb3 Nxa3 43. Kxa3 Ra8+ 44. Kb3 Rab8 45. Rxg7 Rxb4+ 46. Kc2 Rc4+ 47. Kd3 Rc3+ 48. Kxd4 Rxf3 1/2-1/2

[Event "Donau op 24th"]
[Site "Aschach"]
[Date "2015.12.26"]
[Round "1"]
[White "Sedlak, Nikola"]
[Black "Jandl, Vojtech"]
[Result "1-0"]
[WhiteElo "2548"]
[BlackElo "2044"]
[PlyCount "55"]
[EventDate "2015.12.26"]
[EventType "swiss"]
[EventRounds "7"]
[EventCountry "AUT"]
[SourceTitle "CBM 170 Extra"]
[Source "ChessBase"]
[SourceDate "2016.02.25"]
[SourceVersion "1"]
[SourceVersionDate "2016.02.25"]
[SourceQuality "1"]

1. d4 d5 2. Bf4 Nf6 3. e3 Bf5 4. c4 c6 5. Nc3 e6 6. Qb3 Qb6 7. c5 Qxb3 8. axb3 Nbd7 9. h3 Be7 10. b4 Ne4 11. Nf3 g5 12. Bh2 h5 13. Nxe4 Bxe4 14. Nd2 Bc2 15. Be2 Bf6 16. 0-0 Bf5 17. b5 g4 18. bxc6 bxc6 19. hxg4 hxg4 20. Ba6 e5 21. Bb7 Rb8 22. Rxa7 Ke7 23. Bxc6 Rxb2 24. e4 dxe4 25. Nxe4 Bxe4 26. Bxe4 Kd8 27. c6 Nb6 28. Rxf7 1-0

[Event "Stare Mesto op"]
[Site "Stare Mesto"]
[Date "2015.08.22"]
[Round "10"]
[White "Kunc, Miroslav"]
[Black "Jandl, Vojtech"]
[Result "1/2-1/2"]
[WhiteElo "1586"]
[BlackElo "2087"]
[PlyCount "36"]
[EventDate "2015.08.14"]
[EventType "swiss"]
[EventRounds "10"]
[EventCountry "CZE"]
[SourceTitle "EXT 2016"]
[Source "ChessBase"]
[SourceDate "2015.10.08"]
[SourceVersion "1"]
[SourceVersionDate "2015.10.08"]
[SourceQuality "1"]

1. d4 d5 2. c4 c6 3. e3 Bf5 4. Nc3 e6 5. Bd3 Bxd3 6. Qxd3 Nf6 7. Nf3 Nbd7 8. e4 dxe4 9. Nxe4 Nxe4 10. Qxe4 Bb4+ 11. Ke2 0-0 12. Rd1 Re8 13. Kf1 Bd6 14. Bf4 Nf6 15. Qe3 Ng4 16. Qd2 Qc7 17. Bxd6 Qxd6 18. Kg1 h6 1/2-1/2

[Event "CZE-chT U20 Extraliga final-B 1415"]
[Site "Czech Republic"]
[Date "2015.04.24"]
[Round "8.2"]
[White "Cesenek, Jan"]
[Black "Jandl, Vojtech"]
[Result "1/2-1/2"]
[WhiteElo "1865"]
[BlackElo "1932"]
[PlyCount "71"]
[EventDate "2014.10.11"]
[EventType "team-tourn"]
[EventRounds "11"]
[EventCountry "CZE"]
[SourceTitle "EXT 2021"]
[Source "ChessBase"]
[SourceDate "2020.10.23"]
[SourceVersion "1"]
[SourceVersionDate "2020.10.23"]
[SourceQuality "1"]
[WhiteTeam "Policka Stefanydes (U20)"]
[BlackTeam "Bustehrad (U20)"]
[WhiteTeamCountry "CZE"]
[BlackTeamCountry "CZE"]

1. c4 e6 2. Nc3 d5 3. e3 Nf6 4. d4 Be7 5. Nf3 Nbd7 6. Bd3 c6 7. 0-0 0-0 8. Rb1 dxc4 9. Bxc4 b5 10. Bd3 b4 11. Ne4 Qa5 12. Nxf6+ Nxf6 13. Ne5 Bb7 14. Qb3 c5 15. Bc4 Qb6 16. Nd3 cxd4 17. exd4 Rac8 18. Nf4 Qxd4 19. Bxe6 Rxc1 20. Rbxc1 Qxf4 21. Bc4 Ne4 22. Qe3 Qxe3 23. fxe3 Bc5 24. Rfe1 Re8 25. Bd3 Bb6 26. Bb5 Re7 27. Bc6 Rc7 28. Bxb7 Bxe3+ 29. Kf1 Ng3+ 30. hxg3 Rxc1 31. Rxc1 Bxc1 32. b3 g5 33. g4 Kg7 34. Ke2 Kf6 35. Bd5 Kg6 36. Be4+ 1/2-1/2

[Event "CZE-chT U20 Extraliga West 1415"]
[Site "Czech Republic"]
[Date "2014.10.11"]
[Round "1.3"]
[White "Pychova, Nela"]
[Black "Jandl, Vojtech"]
[Result "1-0"]
[WhiteElo "1996"]
[BlackElo "1932"]
[PlyCount "55"]
[EventDate "2014.10.11"]
[EventType "team-tourn"]
[EventRounds "11"]
[EventCountry "CZE"]
[SourceTitle "EXT 2021"]
[Source "ChessBase"]
[SourceDate "2020.10.23"]
[SourceVersion "1"]
[SourceVersionDate "2020.10.23"]
[SourceQuality "1"]
[WhiteTeam "Vlasim (U20)"]
[BlackTeam "Bustehrad (U20)"]
[WhiteTeamCountry "CZE"]
[BlackTeamCountry "CZE"]

1. c4 e6 2. Nf3 Nf6 3. g3 d5 4. b3 Bd6 5. Bb2 Nbd7 6. Nc3 c6 7. Bg2 0-0 8. 0-0 Re8 9. Qc2 Qe7 10. Rad1 dxc4 11. bxc4 e5 12. Ng5 Nc5 13. d3 h6 14. Nge4 Nfxe4 15. Nxe4 Nxe4 16. Bxe4 Bh3 17. Rfe1 h5 18. Rc1 f5 19. Bf3 g6 20. c5 Bc7 21. Qc3 h4 22. Qb3+ Kh7 23. Rc4 f4 24. Rb4 hxg3 25. hxg3 fxg3 26. fxg3 Qxc5+ 27. e3 b5 28. Qf7+ 1-0

[Event "Ricany op-A"]
[Site "Ricany"]
[Date "2014.08.29"]
[Round "8"]
[White "Jandl, Vojtech"]
[Black "Vavrinec, Tomas"]
[Result "0-1"]
[WhiteElo "1881"]
[BlackElo "2044"]
[PlyCount "86"]
[EventDate "2014.08.23"]
[EventType "swiss"]
[EventRounds "9"]
[EventCountry "CZE"]
[SourceTitle "EXT 2015"]
[Source "ChessBase"]
[SourceDate "2014.11.20"]
[SourceVersion "1"]
[SourceVersionDate "2014.11.20"]
[SourceQuality "1"]

1. d4 c5 2. e3 g6 3. Nf3 Bg7 4. Bd3 Nf6 5. 0-0 0-0 6. Nbd2 b6 7. Re1 Nc6 8. c3 d6 9. Nf1 Bb7 10. a3 a5 11. e4 cxd4 12. cxd4 Rc8 13. Ng3 Nb8 14. Qe2 Nbd7 15. h3 e5 16. dxe5 dxe5 17. Be3 Qe7 18. Rac1 Nc5 19. Bxc5 Rxc5 20. Nd2 Bh6 21. Rc4 Rd8 22. Rxc5 Qxc5 23. Nb3 Qc7 24. Bb5 Qd6 25. Qf3 Kg7 26. Qe2 Bf4 27. Nf1 Nxe4 28. g3 Bh6 29. Ne3 Ng5 30. Rd1 Qe6 31. Rxd8 Qxh3 32. Nd5 e4 33. Nf4 Qf5 34. Qc4 Nf3+ 35. Kf1 Bxf4 36. gxf4 e3 37. Qc3+ Kh6 38. Qxe3 Qxb5+ 39. Rd3 Ba6 40. f5+ g5 41. Qe7 Qxd3+ 42. Kg2 Qxf5 43. Qd6+ Kh5 0-1

[Event "Ricany op-A"]
[Site "Ricany"]
[Date "2014.08.28"]
[Round "7"]
[White "Simecek, Bohumil"]
[Black "Jandl, Vojtech"]
[Result "1/2-1/2"]
[WhiteElo "2058"]
[BlackElo "1881"]
[PlyCount "42"]
[EventDate "2014.08.23"]
[EventType "swiss"]
[EventRounds "9"]
[EventCountry "CZE"]
[SourceTitle "EXT 2015"]
[Source "ChessBase"]
[SourceDate "2014.11.20"]
[SourceVersion "1"]
[SourceVersionDate "2014.11.20"]
[SourceQuality "1"]

1. d4 d5 2. Nf3 Nf6 3. c4 e6 4. g3 Be7 5. Bg2 0-0 6. 0-0 dxc4 7. Qc2 a6 8. Qxc4 b5 9. Qc2 Bb7 10. Bd2 Nc6 11. Be3 Nb4 12. Qc1 Nbd5 13. Nc3 Rc8 14. Nxd5 Nxd5 15. Rd1 Qd6 16. Qd2 Rfd8 17. Rac1 Nxe3 18. Qxe3 Qb6 19. Ne5 Bxg2 20. Kxg2 c5 21. dxc5 Bxc5 1/2-1/2

[Event "Ricany op-A"]
[Site "Ricany"]
[Date "2014.08.26"]
[Round "5"]
[White "Skala, Jaromir"]
[Black "Jandl, Vojtech"]
[Result "1/2-1/2"]
[WhiteElo "2006"]
[BlackElo "1881"]
[PlyCount "56"]
[EventDate "2014.08.23"]
[EventType "swiss"]
[EventRounds "9"]
[EventCountry "CZE"]
[SourceTitle "EXT 2015"]
[Source "ChessBase"]
[SourceDate "2014.11.20"]
[SourceVersion "1"]
[SourceVersionDate "2014.11.20"]
[SourceQuality "1"]

1. d4 d5 2. c4 e6 3. Nc3 Nf6 4. Bg5 Be7 5. e3 0-0 6. Nf3 Ne4 7. Bxe7 Qxe7 8. cxd5 Nxc3 9. bxc3 exd5 10. Be2 Nd7 11. 0-0 Nf6 12. c4 Bg4 13. Ne5 Bxe2 14. Qxe2 c5 15. Qb2 cxd4 16. exd4 dxc4 17. Nxc4 Rac8 18. Ne3 Rfd8 19. Rfe1 Qd7 20. Rad1 Nd5 21. Nxd5 Qxd5 22. Re7 Rd7 23. Rxd7 Qxd7 24. d5 Qa4 25. Re1 Re8 26. Rc1 Qa5 27. Qe5 Qd8 28. Qd4 Qc7 1/2-1/2

[Event "Ricany op-A"]
[Site "Ricany"]
[Date "2014.08.24"]
[Round "3"]
[White "Kolasin, Jan"]
[Black "Jandl, Vojtech"]
[Result "1-0"]
[WhiteElo "2008"]
[BlackElo "1881"]
[PlyCount "90"]
[EventDate "2014.08.23"]
[EventType "swiss"]
[EventRounds "9"]
[EventCountry "CZE"]
[SourceTitle "EXT 2015"]
[Source "ChessBase"]
[SourceDate "2014.11.20"]
[SourceVersion "1"]
[SourceVersionDate "2014.11.20"]
[SourceQuality "1"]

1. e4 e5 2. Nf3 Nf6 3. d3 Nc6 4. Be2 Be7 5. 0-0 0-0 6. c3 d5 7. Qc2 h6 8. Nbd2 Be6 9. b4 a6 10. a3 b5 11. Bb2 Qd7 12. Rfd1 Rfd8 13. Rac1 a5 14. c4 bxc4 15. dxc4 d4 16. b5 d3 17. Bxd3 Qxd3 18. Qxd3 Rxd3 19. bxc6 Rad8 20. Re1 Bxa3 21. Bxa3 Rxa3 22. Nb1 Rb3 23. Nxe5 Rd4 24. f3 Ne8 25. c5 f6 26. Ng6 Bf7 27. Ne7+ Kf8 28. Nf5 Rdd3 29. Red1 Rxd1+ 30. Rxd1 a4 31. Nd4 Rb4 32. Na3 g6 33. Ndb5 Bc4 34. Nxc7 Nxc7 35. Rd8+ Ne8 36. Nxc4 Ke7 37. Rd7+ Ke6 38. Nd6 a3 39. Nxe8 a2 40. Nc7+ Ke5 41. Kf2 f5 42. Re7+ Kd4 43. Ne6+ Kc3 44. Ra7 Rb2+ 45. Kg3 f4+ 1-0

[Event "Ricany op-A"]
[Site "Ricany"]
[Date "2014.08.23"]
[Round "1"]
[White "Vanka, Miloslav"]
[Black "Jandl, Vojtech"]
[Result "1-0"]
[WhiteElo "2135"]
[BlackElo "1881"]
[PlyCount "69"]
[EventDate "2014.08.23"]
[EventType "swiss"]
[EventRounds "9"]
[EventCountry "CZE"]
[SourceTitle "EXT 2015"]
[Source "ChessBase"]
[SourceDate "2014.11.20"]
[SourceVersion "1"]
[SourceVersionDate "2014.11.20"]
[SourceQuality "1"]

1. e4 e5 2. Bc4 Nf6 3. d3 Nc6 4. Nf3 d6 5. Ng5 d5 6. exd5 Nxd5 7. Qf3 Be6 8. Nxe6 fxe6 9. 0-0 Qd7 10. Bg5 Nd4 11. Qd1 Bc5 12. c3 Nf5 13. Qe2 h6 14. Bd2 0-0 15. Qxe5 Rf6 16. d4 Bd6 17. Qe4 c6 18. Na3 Bxa3 19. bxa3 Nd6 20. Qe2 Nxc4 21. Qxc4 Nb6 22. Qb3 Qd5 23. Rae1 Raf8 24. Re5 Qc4 25. Be3 R8f7 26. f3 g5 27. h3 Kg7 28. Bf2 Rd7 29. Rfe1 Kf7 30. Bg3 Rd5 31. Qc2 Rg6 32. Rxe6 Rxe6 33. Qh7+ Kf8 34. Rxe6 Rd7 35. Qh8+ 1-0